000 00707nam a2200217Ii 4500
001 15057
003 CO-ViMGA
008 241108s9999||||xx |||||||||||||| ||und||
020 _a9789588093994
040 _aCO-ViMGA
_bspa
_erda
_cCO-ViMGA
041 0 _aspa
082 0 4 _a320.53321 R84
100 1 _aCarlos Alberto Ruiz Socha
_945377
245 1 0 _aLa rebelión de los límites :
_bquimeras y porvenir de los derechos y resistencias ante la opresión
264 1 _aBogotá, Colombia : Ediciones Desde Abajo, 2008
300 _avolumen
336 _atext
_btxt
_2rdacontent
337 _aunmediated
_bn
_2rdamedia
338 _avolume
_bnc
_2rdacarrier
940 _aidficha_siabuc: 14746. -- ficha_no_siabuc:15057
999 _c39901
_d39901